01012 2200301 4500001002100000005001500021035002000036007000300056008004100059020001500100082001000115084001600125100003000141245006100171250002000232300004200252500018300294650001400477740003300491264003400524336002100558337003000579338002300609246003300632710001300665990001600678990001600694INLIS00000000000000720260416080825 a0010-0426000006ta260416 g 0 ind  a9790070624 a005.4 a005.4 FIK s0 aFikriansyah, RePengarang1 aSolusi membangun toko online /cEfisitek, R. Fikriansyah acetakan pertama a130 halaman :bilustrasi ;c23 cmeCD aIngin membuka toko dengan modal yang relatif terjangkau!! apabila hal tersebut yang menjadi pilihan Anda... TEPAT sekali jika Buku ini di jadikan Modal Awal dalam Membangun Toko. 4asitus web aSolusi membangun toko online aJakarta :bRestu Agung,c2008 2rdacontentateks 2rdamediaatanpa perantara 2rdacarrieravolume aSolusi membangun toko online0 aEfisitek aPP000011/19 aPP000130/19